000 00390nam a2200133Ia 4500
008 230524s9999 xx 000 0 und d
020 _a9788179662441
100 _aSusan J. Benjamin
_936621
245 0 _aSpeak With Success: A Step-by-Step Guide to Fearless Public Speaking
260 _bEmerald
500 _aQuantity Number: 1
650 _aPersonality Development
_936622
942 _cBK
999 _c50669
_d50669